|
|
|
|
| LEADER |
00000nab a2200000 a 4500 |
| 001 |
vtls000487883 |
| 003 |
SK-MaSNL |
| 005 |
20260303004248.0 |
| 008 |
120927c1993 xo 0 slo |
| 015 |
|
|
|a SNBRB19rr/mm-uuuuu
|
| 035 |
|
|
|a CL0488020
|
| 040 |
|
|
|a SNKBUCL
|b slo
|c SNKBUCL
|e AACR2
|
| 041 |
0 |
|
|a slo
|
| 044 |
|
|
|a xo
|c SK
|
| 080 |
|
|
|a 296
|2 1981
|
| 080 |
|
|
|a 299.24
|2 1981
|
| 100 |
1 |
|
|a Myers, Baruch,
|d 1964-
|4 aut
|
| 245 |
1 |
0 |
|a Už majú rabína
|b Nový začiatok Židov v Bratislave
|c Baruch Ben Jakov Myers, Ľubomír Chorvatovič
|
| 300 |
|
|
|b Fotogr. 5
|
| 600 |
1 |
7 |
|a Myers, Baruch Ben Jakov
|d 1964-
|x uvedenie do funkcie rabína - rozhovory
|2 snkbucl
|9 983062
|
| 655 |
|
7 |
|a články z novín a časopisov
|2 snkbucl
|9 267496
|
| 700 |
1 |
|
|a Chorvatovič, Ľubomír
|4 aut
|9 377078
|
| 773 |
0 |
|
|t Plus 7 dní
|g Č. 29 (1993), s. 14-15
|
| 850 |
|
|
|a Slovenská národná knižnica v Martine
|a MTA001
|
| 852 |
|
|
|a SNK
|b KIS3GCP
|
| 958 |
|
|
|a RK
|
| 992 |
|
|
|a RBX
|
| 999 |
|
|
|c 1576837
|d 1578767
|